000 00872nam a2200253Ia 4500
003 GCL
005 20240530102042.0
008 140319s9999 xx 000 0 ara d
040 _aGCL /
_cGCL
082 0 4 _a913.031
_bق/ج ا
100 1 _aمختار السويفى
245 1 0 _aاثار مصر القديمة فى كتابات الرحالة العرب والاجانب /
_cمختار السويفى
260 _a[S.N] :
_bالدار المصرية اللبنانية ،
_c1992
300 _a242 ص
650 0 4 _aالحضارة الفرعونية
650 0 4 _aالاثار الفرعونية
650 0 4 _aالرحالة العرب
650 0 4 _aالاثار
650 0 4 _aالاثار اليونانية الرومانية
650 0 4 _aالاثبات
650 0 4 _aالاثار المسيحية
700 1 _aجيلان عباس
942 _2ddc
_cBK
999 _c29442
_d29442